| 000 | 00539nam a2200157 a 4500 | ||
|---|---|---|---|
| 001 | 3644 | ||
| 003 | CDMR | ||
| 005 | 20130607122716.0 | ||
| 008 | 130130s1929||||||||||||||||||||||||||||d | ||
| 040 |
_aCDMR _bcat _cCDMR |
||
| 100 | 1 |
_aWilliams, B.J. _92595 |
|
| 245 | 1 | 0 |
_aTwenty years of education for journalism _b: a history of the School of Journalism of the University of Missouri Columbia, Missouri, U.S.A. |
| 260 |
_aColumbia _c1929 _bSthephens Publishing Company |
||
| 650 | 0 | 4 |
_92734 _aPeriodisme _xEnsenyament _zEstats Units |
| 942 |
_cMON _2udc |
||
| 999 |
_c3644 _d3644 |
||